书目信息 |
| 题名: |
职场英语
|
|
| 作者: | 杨安文 , 蒋婧 主编 | |
| 分册: | ||
| 出版信息: | 北京 外语教学与研究出版社 2016 |
|
| 页数: | 160页 | |
| 开本: | 25cm | |
| 丛书名: | ||
| 单 册: | ||
| 中图分类: | H319.39 | |
| 科图分类: | ||
| 主题词: | 英语--自学参考资料 | |
| 电子资源: | ||
| ISBN: | 978-7-5135-7053-4 | |
| 000 | 00923nam0 2200265 450 | |
| 001 | 012001000464 | |
| 005 | 20140920091301.0 | |
| 010 | @a978-7-5135-7053-4@dCNY39.90 | |
| 100 | @a20160419d2016 em y0chiy50 ea | |
| 101 | 0 | @achi@aeng |
| 102 | @aCN@b110000 | |
| 105 | @aa z 000yy | |
| 106 | @ar | |
| 200 | 1 | @a职场英语@9Zhi Chang Ying Yu@b专著@dWorkplace English@f杨安文,蒋婧主编@zeng |
| 210 | @a北京@c外语教学与研究出版社@d2016 | |
| 215 | @a160页@c图@d25cm@e1光盘 | |
| 307 | @a附光盘:ISBN 978-7-89506-362-4 ISRC CN-A16-16-00008 | |
| 330 | @a本书通过提供实用的职场知识以及丰富的听、说、读、写训练,帮助学生提高职场英语沟通能力,更好地满足未来职业发展的需要。 | |
| 510 | 1 | @aWorkplace English@zeng |
| 606 | 0 | @a英语@j自学参考资料 |
| 690 | @aH319.39@v5 | |
| 701 | 0 | @a杨安文@9Yang An Wen@4主编 |
| 701 | 0 | @a蒋婧@9Jiang Jing@4主编 |
| 801 | 0 | @aCN@b上海新华@c20180901 |
| 905 | @b1041673-77@dH319.39@e258@f5 | |
| 职场英语=Workplace English/杨安文,蒋婧主编.-北京:外语教学与研究出版社,2016 |
| 160页:图;25cm+1光盘 |
| ISBN 978-7-5135-7053-4:CNY39.90 |
| 本书通过提供实用的职场知识以及丰富的听、说、读、写训练,帮助学生提高职场英语沟通能力,更好地满足未来职业发展的需要。 |
| ● |
| 相关链接 |
|
|
|
|
正题名:职场英语
索取号:H319.39/258
 
预约/预借
| 序号 | 登录号 | 条形码 | 馆藏地/架位号 | 状态 | 备注 |
| 1 | 1041673 | 210416735 | 第二样本阅览室/ [索取号:H319.39/258] | 在馆 | |
| 2 | 1041674 | 210416744 | 第四借阅区/ [索取号:H319.39/258] | 在馆 | |
| 3 | 1041675 | 210416753 | 第四借阅区/ [索取号:H319.39/258] | 在馆 | |
| 4 | 1041676 | 210416762 | 第四借阅区/ [索取号:H319.39/258] | 在馆 | |
| 5 | 1041677 | 210416771 | 密集书库—外国语学院/ [索取号:H319.39/258] | 在馆 |